Human rights and foreign Aid; (Record no. 7456)

MARC details
000 -LEADER
fixed length control field 00522nam a22001937a 4500
003 - CONTROL NUMBER IDENTIFIER
control field OSt
005 - DATE AND TIME OF LATEST TRANSACTION
control field 20211112113336.0
008 - FIXED-LENGTH DATA ELEMENTS--GENERAL INFORMATION
fixed length control field 211112b ||||| |||| 00| 0 eng d
020 ## - INTERNATIONAL STANDARD BOOK NUMBER
International Standard Book Number 9780415543460
040 ## - CATALOGING SOURCE
Transcribing agency DDC
082 ## - DEWEY DECIMAL CLASSIFICATION NUMBER
Classification number 323 BAR 2008
100 ## - MAIN ENTRY--PERSONAL NAME
Personal name Barrat,Bethany
9 (RLIN) 15278
245 ## - TITLE STATEMENT
Title Human rights and foreign Aid;
Remainder of title For love or money?
260 ## - PUBLICATION, DISTRIBUTION, ETC. (IMPRINT)
Place of publication, distribution, etc. London:
Name of publisher, distributor, etc. Routledge
Date of publication, distribution, etc. 2008
300 ## - PHYSICAL DESCRIPTION
Extent xii,239p.;
Other physical details ill.;
Dimensions 24cm
504 ## - BIBLIOGRAPHY, ETC. NOTE
Bibliography, etc includes references and index
650 ## - SUBJECT ADDED ENTRY--TOPICAL TERM
Topical term or geographic name as entry element Human right
9 (RLIN) 15279
942 ## - ADDED ENTRY ELEMENTS (KOHA)
Source of classification or shelving scheme Dewey Decimal Classification
Koha item type Book
Holdings
Withdrawn status Lost status Source of classification or shelving scheme Damaged status Not for loan Home library Current library Date acquired Source of acquisition Inventory number Total Checkouts Full call number Barcode Date last seen Price effective from Koha item type
    Dewey Decimal Classification     Faculty of Interdisciplinary Studies Library MUST Main Library 12/11/2021 Purchase 2015/39511   323 BAR 2008 2021-1662 12/11/2021 12/11/2021 Book